Cinque novelle / (Record no. 187300)

MARC details
000 -LEADER
campo de control de longitud fija 00867nam a2200253 i 4500
001 - NÚMERO DE CONTROL
campo de control 187300
003 - IDENTIFICADOR DE NÚMERO DE CONTROL
campo de control ES-MaACL
005 - FECHA Y HORA DE LA ÚLTIMA TRANSACCIÓN
campo de control 20230906222854.0
008 - DATOS DE LONGITUD FIJA--INFORMACIÓN GENERAL
campo de control de longitud fija 170530s1986 dk a |||| |dita d
020 ## - NÚMERO INTERNACIONAL ESTÁNDAR DEL LIBRO
Número Internacional Estándar del Libro 87-11-07395-0
080 ## - NÚMERO DE LA CLASIFICACIÓN DECIMAL UNIVERSAL
Número de la Clasificación Decimal Universal 811.131.1(076)
100 1# - ENTRADA PRINCIPAL--NOMBRE DE PERSONA
Nombre de persona Soldati, Mario.
9 (RLIN) 140284
245 10 - MENCIÓN DEL TÍTULO
Título Cinque novelle /
Mención de responsabilidad, etc. Mario Soldati ; a cura di Zita Vaccaro ; illustrazioni, Niels Henrik Hansen.
246 3# - FORMA VARIANTE DEL TITULO
Título propio/Titulo breve 5 novelle
250 ## - MENCION DE EDICION
Mención de edición Ed. semplificata ad uso scolastico e autodidattico.
260 ## - PUBLICACIÓN, DISTRIBUCIÓN, ETC.
Lugar de publicación, distribución, etc. Copenaghen :
Nombre del editor, distribuidor, etc. Grafisk Forlag,
Fecha de publicación, distribución, etc. 1986.
300 ## - DESCRIPCIÓN FÍSICA
Extensión 92 p. :
Otras características físicas il. ;
Dimensiones 19 cm.
490 1# - MENCIÓN DE SERIE
Mención de serie Easy readers.
-- B
594 ## - Nota al título y mención de responsabilidad
Nota al título y mención de responsabilidad Recoge 5 relatos de "55 Novelle per l'inverno"
650 #4 - PUNTO DE ACCESO ADICIONAL DE MATERIA--TÉRMINO DE MATERIA
Término de materia o nombre geográfico como elemento de entrada Lengua italiana-
Subdivisión de forma Lecturas.
9 (RLIN) 162920
830 0# - PUNTO DE ACCESO ADICIONAL DE SERIE-TÍTULO UNIFORME
Título uniforme Easy readers.
-- B
9 (RLIN) 225543
852 ## - LOCALIZACIÓN
Ubicación ES-MaACL
Número de control de estantería L-31649
Nota libre . - Donat. Carmen Zumárraga
Holdings
Estatus retirado Estado de pérdida Estado de daño No para préstamo Biblioteca de origen Biblioteca actual Ubicación en estantería Fecha de adquisición Fuente de adquisición Total de préstamos Signatura topográfica completa Código de barras Visto por última vez Precio de reemplazo Tipo de ítem Koha
        Biblioteca del Ateneo de Madrid Biblioteca del Ateneo de Madrid Depósito 2 30/05/2017     L-31649 1197653 23/02/2023 23/02/2023 Libro impreso